Aplikácia modelu minimalizácie nákladov pri prestavovaní výrobnej linky

Uložené v:
Podrobná bibliografia
Hlavný autor: Pekár, Juraj, 1972-
Médium: Kapitola
Jazyk:Slovak
Tagy: Pridať tag
Žiadne tagy, Buďte prvý, kto otaguje tento záznam!

MARC

LEADER 00000nla$a2200000$$$4500
001 0110502
005 20240502083256.5
041 0 |a slo 
044 |a CZ 
245 1 0 |a Aplikácia modelu minimalizácie nákladov pri prestavovaní výrobnej linky  |c Juraj Pekár 
100 1 |a Pekár, Juraj, 1972-